00636nam a2200193 450000500170000002000300001704000340004708200160008110000230009724501040012025000140022426000570023830000290029550400200032454600090034465000290035365000310038265000290041320260327064340.0 a8180380300cTZS 108,000/= aMCCLbeng.eAACR 2nd rev. ed. a347.075 SOM aSomasekhara B. K.  aAiyar & Aiyar's the principles and precedents of the art of cross-examination c/ B. K. Somasekhara a10th ed.  aNew Delhi :bLexisNexis Butterworths India, cc2004. axcvi, 2002 p. ; c24 cm. aIncludes index. aeng. aCross-examinationzIndia aRight of cross-examination aExamination of witnesses